Clinch the Deal: (Record no. 185815)

MARC details
000 -LEADER
fixed length control field 00570nam a22001817a 4500
005 - DATE AND TIME OF LATEST TRANSACTION
control field 20220210113901.0
010 ## - LCCN (DPL NO)
LC control number ENG-131494
020 ## - INTERNATIONAL STANDARD BOOK NUMBER
International Standard Book Number 9789385409063
Terms of availability 250.00
035 ## - SYSTEM CONTROL NUMBER
System control number EN-115026
037 ## - SOURCE OF ACQUISITION
Source of stock number/acquisition DBAD
082 ## - DEWEY DECIMAL CLASSIFICATION NUMBER
Classification number 658.85
100 ## - MAIN ENTRY--PERSONAL NAME
Personal name Desai, Manuj
245 ## - TITLE STATEMENT
Title Clinch the Deal:
Remainder of title Negotiation Strategies to Get What You Want/
Statement of responsibility, etc Manuj Desai
260 ## - PUBLICATION, DISTRIBUTION, ETC. (IMPRINT)
Place of publication, distribution, etc Mumbai
Name of publisher, distributor, etc Indus Source Books
Date of publication, distribution, etc 2017
270 ## - ADDRESS
Address P O Box No. 6194, Malabar Hill PO
City Mumbai
Postal code 400006
Electronic mail address info@indussource.com
300 ## - PHYSICAL DESCRIPTION
Extent 135p.
Dimensions 22cm(pbk)
942 ## - ADDED ENTRY ELEMENTS (KOHA)
Source of classification or shelving scheme Dewey Decimal Classification
Item type English Books
Classification part 658.85
Call number suffix DES
Holdings
Withdrawn status Lost status Not for loan Collection code Home library Current library Date acquired Source of acquisition Cost, normal purchase price Full call number Barcode Copy number Cost, replacement price Koha item type
      Non-fiction Bawana Bawana 10/02/2022 DBAD/PUB 250.00 658.85 DES EN-115026 1 250.00 English Books

© Delhi Public Library
Hit Counter
free hit counter